000 00716nam a2200181 a 4500
008 130423s2011 ||||||||||||||||| || u
020 _a9780273731153
050 _aLB 2395 Mac
100 _aMcMillan, Kathleen
245 1 0 _aStudy skills for international students
_cby Kathleen McMillan and Jonathan Weyers
260 _aHarlow:
_bPearson Education, Inc
_c2011
300 _axi, 499p.: ill.
650 0 _aSTUDY SKILLS
650 _aSTUDENTS, FOREIGN--GREAT BRITAIN
650 _aCOLLEGE STUDENT ORIENTATION--GREAT BRITAIN
700 _aWeyers, Jonathan
995 _FCBU-MAIN LIBRARY (Kitwe)
_M1
_UAVAILABLE
_WJun 25, 2013
_ZMain Library Open Access Collection
999 _c58995
_d58995